[Event "Team junior-boys chess final 2017"]
[Site "Sochi"]
[Date "2017.05.03"]
[Round "3.5"]
[White "Kalaychev, Nodis"]
[Black "Morgachev, Sergey"]
[Result "0-1"]
[WhiteElo "1490"]
[BlackElo "1814"]
[PlyCount "100"]
[EventDate "2017.05.01"]

1. d4 Nf6 2. Nf3 d5 3. e3 c5 4. b3 Nc6 5. Bb2 Bg4 6. Nbd2 e6 7. Bd3 cxd4 8.
exd4 Bd6 9. O-O O-O 10. h3 Bh5 11. Kh1 Rc8 12. Rg1 Nb4 13. g4 Nxd3 14. cxd3 Bg6
15. Qe2 Rc2 16. Rab1 Qa5 17. a4 Bb4 18. Bc1 Rfc8 19. h4 Nxg4 20. Rxg4 Rxc1+ 21.
Rxc1 Rxc1+ 22. Kh2 Bxd2 23. Nxd2 Rc2 24. Qe5 Qc7 25. Qxc7 Rxc7 26. Nf3 Bxd3 27.
Ne5 Bf5 28. Rg3 f6 29. Ng4 Bxg4 30. Rxg4 Rc3 31. Rg3 Rxg3 32. Kxg3 e5 33. dxe5
fxe5 34. Kg4 d4 35. Kf3 Kf7 36. Ke4 Ke6 37. f4 exf4 38. Kxf4 Kd5 39. Kf3 Ke5
40. Ke2 Ke4 41. Kd2 g6 42. Ke2 h6 43. Kd2 g5 44. hxg5 hxg5 45. Ke2 g4 46. Kf2
d3 47. Ke1 Ke3 48. Kd1 g3 49. Ke1 g2 50. Kd1 g1=Q# 0-1

[Event "Team junior-boys chess final 2017"]
[Site "Sochi"]
[Date "2017.05.04"]
[Round "4.1"]
[White "Murtazin, Ruslan"]
[Black "Grigoriants, Boris"]
[Result "1-0"]
[WhiteElo "2411"]
[BlackElo "1731"]
[PlyCount "63"]
[EventDate "2017.05.01"]

1. d4 Nf6 2. c4 g6 3. Nc3 Bg7 4. e4 d6 5. Nf3 O-O 6. h3 Nbd7 7. Be3 h6 8. g4
Ne8 9. Qd2 Kh7 10. O-O-O c6 11. h4 a6 12. h5 g5 13. Bxg5 hxg5 14. h6 Bf6 15. e5
dxe5 16. dxe5 e6 17. exf6 Nexf6 18. Ne5 Qe7 19. Nxd7 Nxd7 20. Ne4 Rg8 21. Rh5
f6 22. Bd3 Kh8 23. f4 gxf4 24. Qxf4 e5 25. Qf3 Nc5 26. Qxf6+ Qxf6 27. Nxf6 Bxg4
28. Rxe5 Bxd1 29. Re7 Nxd3+ 30. Kxd1 Rg1+ 31. Kd2 Rg2+ 32. Kc3 1-0

[Event "Team junior-boys chess final 2017"]
[Site "Sochi"]
[Date "2017.05.04"]
[Round "4.1"]
[White "Babayan, Arman S"]
[Black "Ismailov, Amir"]
[Result "0-1"]
[WhiteElo "1746"]
[BlackElo "1897"]
[PlyCount "152"]
[EventDate "2017.05.01"]

1. e4 c5 2. c3 Nf6 3. e5 Nd5 4. Bc4 e6 5. Nf3 Nb6 6. Bb3 d5 7. d4 Nc6 8. O-O
Qc7 9. Re1 Bd7 10. a4 c4 11. Bc2 a5 12. Nbd2 Be7 13. Nf1 h6 14. Ng3 O-O-O 15.
b3 Rdg8 16. bxc4 Nxc4 17. Bd3 Na7 18. Nd2 f5 19. Bxc4 dxc4 20. d5 Bc5 21. Nxc4
Bxf2+ 22. Kxf2 Qxc4 23. dxe6 Bxe6 24. Qd4 Qxd4+ 25. cxd4 Nc6 26. Rd1 Bd5 27.
Ne2 g5 28. Bb2 Rd8 29. Rd2 Be6 30. Rc1 Kb8 31. Rc5 Rd5 32. Ba3 Nxe5 33. Rxd5
Ng4+ 34. Ke1 Bxd5 35. h3 Ne3 36. Bd6+ Ka8 37. Rd3 Nxg2+ 38. Kf2 Bc4 39. Rc3
Bxe2 40. Kxg2 Rd8 41. Bc7 Rxd4 42. Bb6 Rc4 43. Re3 Re4 44. Rc3 Bc4 45. Bxa5 Ka7
46. Bc7 Bd5 47. Rc5 Rc4+ 48. Rxd5 Rxc7 49. Rxf5 Rc2+ 50. Kg3 Rc3+ 51. Kg2 Ra3
52. Ra5+ Kb6 53. Ra8 h5 54. Kh2 h4 55. Kg2 Kc7 56. Ra5 b6 57. Rxg5 Rxa4 58. Rb5
Kc6 59. Rb3 b5 60. Kf3 Kc5 61. Re3 Rd4 62. Re5+ Kc4 63. Ke2 b4 64. Re8 b3 65.
Rc8+ Kb4 66. Ke3 Rd7 67. Rb8+ Kc3 68. Rc8+ Kb2 69. Rc4 Kb1 70. Rxh4 b2 71. Rh8
Ra7 72. h4 Ka2 73. Rb8 Ra4 74. h5 b1=Q 75. Rxb1 Kxb1 76. Kf3 Rh4 0-1

[Event "Team junior-boys chess final 2017"]
[Site "Sochi"]
[Date "2017.05.04"]
[Round "4.1"]
[White "Garifzyanov, Niyaz"]
[Black "Terzyan, Nazar"]
[Result "0-1"]
[WhiteElo "1874"]
[BlackElo "1715"]
[PlyCount "102"]
[EventDate "2017.05.01"]

1. d4 Nf6 2. c4 e6 3. Nf3 b6 4. g3 Bb7 5. Bg2 Be7 6. O-O O-O 7. Nc3 d5 8. Ne5
c6 9. Qc2 Nfd7 10. Rd1 Nxe5 11. dxe5 Nd7 12. cxd5 cxd5 13. e4 Nxe5 14. exd5 Qc7
15. Qe2 Rad8 16. Bf4 f6 17. Bxe5 fxe5 18. Rac1 Bc5 19. Ne4 exd5 20. b4 dxe4 21.
bxc5 Rxd1+ 22. Qxd1 bxc5 23. Qc2 Qf7 24. Re1 e3 25. Rxe3 Bxg2 26. Kxg2 Qd5+ 27.
Qe4 Rd8 28. Qxd5+ Rxd5 29. Ra3 c4 30. Rxa7 Rc5 31. Rd7 c3 32. Rd1 Kf7 33. Kf3
Ke6 34. Ke3 Rc7 35. Kf3 Rc4 36. Ke3 Rc7 37. h4 h5 38. Kf3 Ra7 39. Rc1 Ra3 40.
Rc2 Kd5 41. Ke3 Kc4 42. Ke2 Kd4 43. Kd1 Ra5 44. Re2 Rb5 45. Kc1 g6 46. a4 Ra5
47. Ra2 Kd3 48. Kd1 e4 49. Ke1 Kc4 50. Kd1 Kb3 51. Ra1 Kb2 0-1

[Event "Team junior-boys chess final 2017"]
[Site "Sochi"]
[Date "2017.05.04"]
[Round "4.1"]
[White "Kalaychev, Nodis"]
[Black "Galiev, Irek"]
[Result "0-1"]
[WhiteElo "1490"]
[BlackElo "1866"]
[PlyCount "66"]
[EventDate "2017.05.01"]

1. d4 Nf6 2. Nf3 g6 3. e3 d5 4. Nbd2 Bg7 5. b3 O-O 6. Bb2 c5 7. Bd3 Nc6 8. a3
Bg4 9. O-O cxd4 10. exd4 Nh5 11. Qe1 Nf4 12. Bb5 Rc8 13. Qe3 Bh6 14. Kh1 Bxf3
15. Nxf3 Kg7 16. Bc1 g5 17. h4 f6 18. g3 Ng6 19. hxg5 Bxg5 20. Nxg5 fxg5 21.
Qxg5 Nxd4 22. Bd3 Qd6 23. Bf4 Qf6 24. Qxd5 Nxf4 25. gxf4 Qh4+ 26. Kg2 Qg4+ 27.
Kh1 Qh3+ 28. Kg1 Nf3+ 29. Qxf3 Qxf3 30. Kh2 Qxf4+ 31. Kg2 Rc5 32. Rg1 Rg5+ 33.
Kh1 Qh4# 0-1

[Event "Team junior-boys chess final 2017"]
[Site "Sochi"]
[Date "2017.05.04"]
[Round "4.2"]
[White "Shubin, Kirill"]
[Black "Mochalin, Faddey"]
[Result "1-0"]
[WhiteElo "2287"]
[BlackElo "1994"]
[PlyCount "105"]
[EventDate "2017.05.01"]

1. e4 c5 2. Nf3 d6 3. d4 cxd4 4. Nxd4 Nf6 5. Nc3 a6 6. Be3 e5 7. Nb3 Be6 8. h3
h5 9. f4 exf4 10. Bxf4 Nc6 11. Qe2 Ne5 12. O-O-O Qc7 13. Qe3 Be7 14. Kb1 Rc8
15. Nd4 b5 16. a3 Qa5 17. Na2 Qc7 18. Nb4 Qb7 19. Nxa6 O-O 20. Nb4 Nxe4 21.
Bxb5 Nc4 22. Bxc4 Bxc4 23. Nf5 d5 24. Nxe7+ Qxe7 25. Qd4 Rfd8 26. Rhe1 Re8 27.
Bd2 Rb8 28. Bc3 f6 29. Ka1 Rb5 30. b3 Bxb3 31. cxb3 Rc8 32. Kb2 Rxc3 33. Rxe4
Rxb3+ 34. Kxb3 Qxe4 35. Qxe4 dxe4 36. Re1 f5 37. a4 Rc5 38. Ra1 f4 39. a5 g5
40. a6 Rc8 41. a7 Ra8 42. Nd5 Kf7 43. Nb6 Rxa7 44. Rxa7+ Kf6 45. Nd5+ Ke5 46.
Kc4 f3 47. gxf3 exf3 48. Rf7 Ke4 49. Rf6 g4 50. hxg4 h4 51. Rf4+ Ke5 52. Rxf3
h3 53. Rxh3 1-0

[Event "Team junior-boys chess final 2017"]
[Site "Sochi"]
[Date "2017.05.04"]
[Round "4.2"]
[White "Bobkov, Vadim"]
[Black "Zemnitskiy, Alexander"]
[Result "1-0"]
[WhiteElo "1894"]
[BlackElo "2010"]
[PlyCount "75"]
[EventDate "2017.05.01"]

1. d4 d5 2. c4 Nc6 3. cxd5 Qxd5 4. e3 e5 5. Nc3 Bb4 6. a3 Bxc3+ 7. bxc3 Nf6 8.
c4 Qd6 9. d5 Nb8 10. Bd3 Na6 11. e4 Nc5 12. f3 Bd7 13. Ne2 O-O 14. O-O Rae8 15.
Kh1 Nh5 16. Be3 b6 17. Bc2 h6 18. g4 Nf4 19. Nxf4 exf4 20. Bd4 f6 21. Qd2 Kf7
22. Rab1 g5 23. h4 Bc8 24. Kg2 Ba6 25. Qc3 Nd7 26. Ba4 Re7 27. hxg5 hxg5 28.
Rh1 Ne5 29. c5 Qd8 30. cxb6 axb6 31. Bxe5 fxe5 32. Qc6 Kg8 33. Qg6+ Rg7 34.
Qe6+ Rff7 35. Be8 Bc8 36. Bxf7+ Rxf7 37. Rh8+ Kxh8 38. Qxf7 1-0

[Event "Team junior-boys chess final 2017"]
[Site "Sochi"]
[Date "2017.05.04"]
[Round "4.2"]
[White "Postnikov, Roman"]
[Black "Bratchikov, Vladislav"]
[Result "1-0"]
[WhiteElo "2082"]
[BlackElo "1894"]
[PlyCount "85"]
[EventDate "2017.05.01"]

1. d4 d5 2. c4 e6 3. Nf3 Nf6 4. g3 c6 5. Bg2 dxc4 6. Ne5 b5 7. Nxc6 Qb6 8. Nxb8
Rxb8 9. Bf4 Bd6 10. Bxd6 Qxd6 11. Nc3 O-O 12. e4 Qb4 13. Qd2 Bb7 14. O-O Rfd8
15. Rfd1 Qa5 16. a3 Qb6 17. e5 Bxg2 18. exf6 Qc6 19. Qg5 Kf8 20. Qxg7+ Ke8 21.
d5 Bxd5 22. Nxd5 exd5 23. Qg8+ Kd7 24. Qxf7+ Kc8 25. Qxh7 Qxf6 26. Qxa7 Qc6 27.
Qd4 Kc7 28. Qe5+ Rd6 29. Rd4 Re8 30. Qh5 Qd7 31. Rad1 Kc6 32. h4 Ree6 33. Qf3
Rf6 34. Qc3 Qf5 35. Rf4 Qh5 36. Rxd5 Rxd5 37. Rxf6+ Kd7 38. Rf3 Qg4 39. Qe3 Qh3
40. Qa7+ Ke6 41. Qf7+ Ke5 42. Qf6+ Ke4 43. Qf4# 1-0

[Event "Team junior-boys chess final 2017"]
[Site "Sochi"]
[Date "2017.05.04"]
[Round "4.2"]
[White "Morgachev, Sergey"]
[Black "Ismagilov, Damir"]
[Result "1-0"]
[WhiteElo "1814"]
[BlackElo "2132"]
[PlyCount "119"]
[EventDate "2017.05.01"]

1. d4 Nf6 2. c4 g6 3. Nc3 Bg7 4. Nf3 O-O 5. Bg5 d6 6. e3 c5 7. Be2 Qa5 8. Qd2
cxd4 9. exd4 Nbd7 10. O-O e5 11. dxe5 dxe5 12. Rfd1 Qc5 13. Be3 Qa5 14. Nb5
Qxd2 15. Nxd2 b6 16. Bf3 Rb8 17. Nxa7 Bb7 18. Nc6 Bxc6 19. Bxc6 Rfc8 20. Bb5
Nc5 21. f3 Ne6 22. Nb3 Nc7 23. Rd6 Nxb5 24. cxb5 Rc2 25. Rxb6 Rbc8 26. Rc6
R8xc6 27. bxc6 Rxc6 28. Rc1 Rxc1+ 29. Nxc1 Nd5 30. Bd2 f5 31. b3 e4 32. fxe4
fxe4 33. Ne2 Kf7 34. Kf1 Be5 35. h3 Ke8 36. Ke1 Kd7 37. Kd1 Kc6 38. Kc2 Kb7 39.
a3 Kc6 40. b4 Kb5 41. Kb3 h5 42. Bc3 Bd6 43. Bd4 Kc6 44. Kc4 Bc7 45. Bc5 Nf6
46. a4 g5 47. b5+ Kd7 48. b6 Bb8 49. a5 Kc6 50. a6 Be5 51. b7 Nd7 52. Nd4+ Kc7
53. Nb5+ Kc6 54. Nd4+ Kc7 55. Ne6+ Kc6 56. Be3 g4 57. Nd8+ Kc7 58. a7 Kxd8 59.
a8=Q+ Ke7 60. Bc5+ 1-0

[Event "Team junior-boys chess final 2017"]
[Site "Sochi"]
[Date "2017.05.04"]
[Round "4.3"]
[White "Kirushin, Ivan"]
[Black "Babakekhyan, Artem"]
[Result "1-0"]
[WhiteElo "1640"]
[BlackElo "1924"]
[PlyCount "87"]
[EventDate "2017.05.01"]

1. d4 Nf6 2. Nf3 g6 3. e3 Bg7 4. Bd3 d5 5. b3 O-O 6. Bb2 b6 7. Nbd2 Bb7 8. O-O
Nbd7 9. c4 c5 10. Rc1 e6 11. Bb1 a6 12. Ne5 Nxe5 13. dxe5 Nd7 14. f4 b5 15. e4
Qb6 16. exd5 exd5 17. cxd5 Bxd5 18. Be4 Bxe4 19. Nxe4 Rfd8 20. Nd6 Nf8 21. Qf3
Ra7 22. Ba1 Ne6 23. f5 gxf5 24. Qxf5 Rf8 25. Ne4 Nd4 26. Bxd4 cxd4 27. Nf6+
Bxf6 28. exf6 Kh8 29. Qg4 d3+ 30. Kh1 Qxf6 31. Rxf6 d2 32. Rd1 Re7 33. h3 Rg8
34. Qf3 Re1+ 35. Kh2 Rge8 36. Rxd2 b4 37. Rxf7 R1e6 38. Rf8+ Kg7 39. Qf7+ Kh6
40. Rxe8 Rg6 41. Rd7 a5 42. Qf4+ Rg5 43. Re6+ Kh5 44. Rxh7# 1-0

[Event "Team junior-boys chess final 2017"]
[Site "Sochi"]
[Date "2017.05.04"]
[Round "4.3"]
[White "Grachev, Alexey"]
[Black "Goncharova, Sofiya"]
[Result "1-0"]
[WhiteElo "2147"]
[BlackElo "1034"]
[PlyCount "49"]
[EventDate "2017.05.01"]

1. e4 e5 2. Nf3 Nc6 3. Nc3 Nf6 4. Be2 Be7 5. O-O d5 6. exd5 Nxd5 7. Bb5 Bg4 8.
h3 Bh5 9. g4 Bg6 10. Nxe5 Qd6 11. d4 O-O 12. Nxg6 fxg6 13. Bc4 Bh4 14. Bxd5+
Kh8 15. Be3 Rxf2 16. Bxf2 Bxf2+ 17. Rxf2 Qg3+ 18. Bg2 Kg8 19. Qf3 Qd6 20. Qd5+
Qxd5 21. Nxd5 Nxd4 22. Raf1 Re8 23. Rf8+ Rxf8 24. Ne7+ Kh8 25. Rxf8# 1-0

[Event "Team junior-boys chess final 2017"]
[Site "Sochi"]
[Date "2017.05.04"]
[Round "4.4"]
[White "Nesterov, Arseniy"]
[Black "Stukan, Martin"]
[Result "1/2-1/2"]
[WhiteElo "2324"]
[BlackElo "1972"]
[PlyCount "127"]
[EventDate "2017.05.01"]

1. d4 Nf6 2. c4 g6 3. Nc3 Bg7 4. e4 d6 5. Be2 O-O 6. Bg5 c5 7. d5 e6 8. Qd2
exd5 9. exd5 Qb6 10. Nf3 Bf5 11. Nh4 Ne4 12. Nxe4 Bxe4 13. f3 h6 14. Bxh6 Bxh6
15. Qxh6 Qxb2 16. O-O Bc2 17. Kh1 Re8 18. Qd2 Qd4 19. Qxc2 Qxh4 20. f4 Nd7 21.
Bd3 f5 22. g3 Qh5 23. Rfe1 Nf6 24. Re6 Rxe6 25. dxe6 Re8 26. Re1 Qh7 27. Kg1
Qe7 28. h3 Nh5 29. Qg2 Ng7 30. Qd5 Qf6 31. Kh2 Rxe6 32. Rxe6 Nxe6 33. Qxb7 Qd4
34. Qd5 Qxd5 35. cxd5 Nc7 36. Kg2 Kg7 37. Bc4 Na8 38. a3 Nb6 39. Ba2 Na4 40.
Bb3 Nc3 41. a4 Ne4 42. Ba2 a5 43. g4 Nc3 44. Bb3 Ne2 45. Bc4 Nc3 46. Bb3 Ne4
47. g5 Kf7 48. h4 Kf8 49. Kg1 Ke8 50. Kg2 Ke7 51. Kg1 Nd2 52. Ba2 Ne4 53. Bb3
Kd8 54. Kg2 Kd7 55. Kg1 Kc7 56. Bc2 Ng3 57. Kf2 Nh5 58. Ke3 Kb6 59. Bd1 Ng7 60.
Be2 Kc7 61. Kd3 Kb6 62. Ke3 Kc7 63. Bb5 Kd8 64. Be2 1/2-1/2

[Event "Team junior-boys chess final 2017"]
[Site "Sochi"]
[Date "2017.05.04"]
[Round "4.4"]
[White "Tsvetkov, Andrey"]
[Black "Tsoi, Dmitry"]
[Result "0-1"]
[WhiteElo "2066"]
[BlackElo "2305"]
[PlyCount "72"]
[EventDate "2017.05.01"]

1. d4 Nf6 2. c4 e6 3. Nc3 Bb4 4. e3 O-O 5. Nge2 c6 6. a3 Ba5 7. g3 d5 8. Bg2
dxc4 9. O-O Nbd7 10. Qc2 Rb8 11. Rd1 Nd5 12. e4 Nxc3 13. Nxc3 b5 14. e5 Qc7 15.
Bg5 Bxc3 16. bxc3 Re8 17. f4 Nf8 18. g4 c5 19. f5 cxd4 20. cxd4 exf5 21. gxf5
a5 22. Bf4 Rb6 23. Bg3 Ba6 24. d5 b4 25. axb4 axb4 26. d6 Qc8 27. Bf2 Rb5 28.
Bd4 Rbxe5 29. Bxe5 Rxe5 30. d7 Nxd7 31. Qd2 Qc5+ 32. Kh1 Bb5 33. Ra8+ Nf8 34.
Qc1 Bc6 35. Ra2 b3 36. Rb2 c3 0-1

[Event "Team junior-boys chess final 2017"]
[Site "Sochi"]
[Date "2017.05.04"]
[Round "4.4"]
[White "Murzin, Volodar"]
[Black "Perov, German"]
[Result "0-1"]
[WhiteElo "2315"]
[BlackElo "1944"]
[PlyCount "118"]
[EventDate "2017.05.01"]

1. e4 e6 2. d4 d5 3. Nc3 Bb4 4. e5 b6 5. a3 Bxc3+ 6. bxc3 Qd7 7. h4 Ba6 8. Bxa6
Nxa6 9. h5 h6 10. a4 Nb8 11. a5 Nc6 12. axb6 cxb6 13. Ne2 O-O-O 14. O-O Na5 15.
Bf4 Ne7 16. Qb1 Nc4 17. Qa2 Nc6 18. Rfb1 N6a5 19. Nc1 Kb7 20. Nb3 Ka8 21. Bc1
Rc8 22. Nxa5 Nxa5 23. Ba3 Nc4 24. Bb4 Rhg8 25. Qa6 Rc7 26. Bd6 Rb7 27. Rb4 Nxd6
28. exd6 Qxd6 29. Rab1 Kb8 30. c4 dxc4 31. Qxc4 Rd8 32. c3 Qd5 33. Qd3 f6 34.
Rb5 Qd6 35. d5 exd5 36. c4 dxc4 37. Qxc4 Rc7 38. Qe4 Rdc8 39. Qe3 Rc5 40. R5b3
Qc7 41. g3 Rc1+ 42. Kh2 Rxb1 43. Rxb1 Qc5 44. Qf3 Qc3 45. Qg4 Qc2 46. Qf4+ Qc7
47. Qg4 Rd8 48. Re1 Qd7 49. Qf4+ Qd6 50. Qf3 a5 51. Qg4 Qd2 52. Re2 Qg5 53. Qf3
Qd5 54. Qg4 Rd7 55. Re8+ Ka7 56. Rh8 Qd1 57. Qg6 Qf3 58. Qc2 Rd1 59. Qc7+ Qb7
0-1

[Event "Team junior-boys chess final 2017"]
[Site "Sochi"]
[Date "2017.05.04"]
[Round "4.4"]
[White "Vasilyev, Alexey"]
[Black "Makoveev, Ilya"]
[Result "1/2-1/2"]
[WhiteElo "1845"]
[BlackElo "2246"]
[PlyCount "38"]
[EventDate "2017.05.01"]

1. e4 e5 2. Nf3 Nc6 3. Bb5 a6 4. Ba4 Nf6 5. O-O Be7 6. d3 d6 7. c3 O-O 8. Nbd2
b5 9. Bc2 Re8 10. Re1 Bf8 11. Nf1 g6 12. h3 Bg7 13. Ng3 Bb7 14. d4 Qe7 15. d5
Nb8 16. b3 c6 17. c4 Nbd7 18. Be3 Rac8 19. Qd2 c5 1/2-1/2

[Event "Team junior-boys chess final 2017"]
[Site "Sochi"]
[Date "2017.05.04"]
[Round "4.5"]
[White "Kuzmin, Roman"]
[Black "Kuznetsov, Sergey"]
[Result "1-0"]
[WhiteElo "1806"]
[BlackElo "1517"]
[PlyCount "141"]
[EventDate "2017.05.01"]

1. e4 e6 2. d4 d5 3. Nd2 c5 4. Ngf3 cxd4 5. Nxd4 Nc6 6. Nxc6 bxc6 7. Bd3 Bd6 8.
O-O Qc7 9. h3 Nf6 10. exd5 cxd5 11. Nf3 O-O 12. c3 Re8 13. Bg5 Nd7 14. Nd4 a6
15. Bc2 h6 16. Bh4 Ne5 17. Bg3 Bd7 18. Re1 Rab8 19. Qe2 Ng6 20. Bxd6 Qxd6 21.
Bxg6 fxg6 22. Rad1 Qb6 23. Rd2 Re7 24. Nf3 Rbe8 25. Ne5 g5 26. Qg4 Qc7 27. g3
Qb6 28. c4 Qc7 29. Nxd7 Qxd7 30. cxd5 Qd6 31. Qc4 exd5 32. Rxe7 Rxe7 33. Rxd5
Qe6 34. Rd8+ Kf7 35. Qxe6+ Rxe6 36. Kg2 Kf6 37. Kf3 Ke5 38. Ke3 Kf5+ 39. Kd3 h5
40. b4 Rf6 41. Rd5+ Kg6 42. Ra5 h4 43. Ke4 g4 44. hxg4 h3 45. f4 Rc6 46. Rh5
Rc2 47. Rxh3 Rxa2 48. Rh8 Ra4 49. g5 Rxb4+ 50. Kf3 a5 51. Kg4 a4 52. Ra8 Rc4
53. Ra6+ Kf7 54. g6+ Ke7 55. Kg5 Rb4 56. g4 Rb5+ 57. f5 Rc5 58. Rxa4 Rb5 59.
Ra7+ Kf8 60. Ra8+ Ke7 61. Rg8 Ra5 62. Rxg7+ Kf8 63. Rb7 Rc5 64. Kh6 Rc6 65.
Rb8+ Ke7 66. g5 Ra6 67. f6+ Ke6 68. g7 Kf5 69. g8=Q Kg4 70. Qc4+ Kh3 71. Rb3+
1-0

[Event "Team junior-boys chess final 2017"]
[Site "Sochi"]
[Date "2017.05.04"]
[Round "4.5"]
[White "Sargsyan, Anatoly"]
[Black "Gavrilin, Roman"]
[Result "1-0"]
[WhiteElo "1702"]
[BlackElo "1668"]
[PlyCount "115"]
[EventDate "2017.05.01"]

1. d4 Nf6 2. Bf4 e6 3. e3 c5 4. c3 b6 5. Nf3 Bb7 6. Bd3 Be7 7. h3 O-O 8. Nbd2
cxd4 9. exd4 d6 10. O-O Qc7 11. Re1 Nbd7 12. a4 a6 13. Qe2 Rfe8 14. Nc4 Bf8 15.
Bh2 h6 16. Qd1 Bd5 17. Ne3 Bc6 18. Nc4 Reb8 19. Qe2 b5 20. axb5 axb5 21. Rxa8
Bxf3 22. Qxf3 bxc4 23. Rxb8 Qxb8 24. Bxc4 Qxb2 25. Qd3 d5 26. Bb5 Ne4 27. Rf1
Ndf6 28. c4 Nc3 29. Ba6 Nfe4 30. c5 Nd2 31. Re1 Nce4 32. Bf4 Nc4 33. Be3 Nxe3
34. Qxe3 Qa2 35. Bd3 Nf6 36. Rc1 Qa5 37. Qe1 Qc7 38. g3 Nd7 39. Bb5 Nxc5 40.
dxc5 Bxc5 41. Qe3 d4 42. Qxd4 Qxg3+ 43. fxg3 Bxd4+ 44. Kf1 Be5 45. Rc8+ Kh7 46.
Bd3+ g6 47. g4 Kg7 48. Ra8 Kf6 49. Ra7 Bf4 50. Bb5 Bd6 51. Be8 Be7 52. Ke2 g5
53. Kf3 Bc5 54. Rxf7+ Ke5 55. Rh7 Bf8 56. Rh8 Bg7 57. Rg8 Kf6 58. Ke4 1-0

[Event "Team junior-boys chess final 2017"]
[Site "Sochi"]
[Date "2017.05.04"]
[Round "4.5"]
[White "Gubarev, Vladislav"]
[Black "Kopylov, Artem"]
[Result "0-1"]
[WhiteElo "1399"]
[BlackElo "1481"]
[PlyCount "70"]
[EventDate "2017.05.01"]

1. d4 Nf6 2. c4 c5 3. d5 e6 4. dxe6 fxe6 5. Nf3 Be7 6. Bg5 Nc6 7. Nc3 O-O 8. e3
b6 9. h4 Bb7 10. Be2 d6 11. Rg1 Qd7 12. g4 Rad8 13. Qd2 d5 14. O-O-O d4 15.
exd4 cxd4 16. Nb5 Ne4 17. Qd3 Nxf2 18. Qb1 Nxd1 19. Bxe7 Qxe7 20. Ng5 g6 21.
Rxd1 e5 22. Bf3 Na5 23. Bxb7 Nxb7 24. Qd3 Nc5 25. Qa3 a6 26. Nxd4 Rxd4 27. Qc3
Rxd1+ 28. Kxd1 Rf1+ 29. Ke2 Qf6 30. Nf3 Ne4 31. Qd3 Ng3+ 32. Kd2 Qf4+ 33. Kc2
Rxf3 34. Qd8+ Qf8 35. Qd5+ Rf7 0-1

[Event "Team junior-boys chess final 2017"]
[Site "Sochi"]
[Date "2017.05.05"]
[Round "5.1"]
[White "Kuznetsov, Sergey"]
[Black "Murtazin, Ruslan"]
[Result "0-1"]
[WhiteElo "1517"]
[BlackElo "2411"]
[PlyCount "54"]
[EventDate "2017.05.01"]

1. e4 c5 2. Nf3 e6 3. d4 cxd4 4. Nxd4 a6 5. Nc3 Qc7 6. Be3 Bb4 7. Qd2 Nf6 8. f3
d5 9. exd5 Nxd5 10. Nde2 Nxe3 11. Qxe3 O-O 12. O-O-O Nc6 13. h4 b5 14. g4 Bb7
15. Bg2 Ne5 16. g5 Rac8 17. a3 Nc4 18. Qg1 Bxc3 19. bxc3 Qe7 20. Rd3 Rfd8 21.
Nd4 e5 22. Nf5 Qxa3+ 23. Kd1 Nb2+ 24. Ke2 Nxd3 25. cxd3 Rxc3 26. Kf2 Rcxd3 27.
h5 Rxf3+ 0-1

[Event "Team junior-boys chess final 2017"]
[Site "Sochi"]
[Date "2017.05.05"]
[Round "5.1"]
[White "Ismailov, Amir"]
[Black "Sargsyan, Anatoly"]
[Result "1-0"]
[WhiteElo "1897"]
[BlackElo "1702"]
[PlyCount "137"]
[EventDate "2017.05.01"]

1. c4 c5 2. g3 g6 3. Bg2 Bg7 4. Nc3 Nc6 5. e3 e5 6. Nge2 Nge7 7. O-O O-O 8. d3
d6 9. a3 Be6 10. Nd5 a5 11. Nec3 Rb8 12. Rb1 Qd7 13. Qa4 Nc8 14. Bd2 Bh3 15.
Ne4 f6 16. b4 Bxg2 17. Kxg2 f5 18. Nec3 f4 19. exf4 exf4 20. f3 fxg3 21. hxg3
Qf5 22. Ne4 b5 23. Qd1 axb4 24. g4 Qd7 25. axb4 N8e7 26. Nxe7+ Qxe7 27. Bg5 Qe5
28. f4 Qd4 29. cxb5 Nxb4 30. Be7 Nd5 31. Qb3 c4 32. Qxc4 Qxc4 33. dxc4 Nxe7 34.
Nxd6 Rfd8 35. Rfd1 Nc8 36. Ne4 Rxd1 37. Rxd1 Nb6 38. c5 Nc4 39. c6 Ne3+ 40. Kf3
Nxd1 41. c7 Rf8 42. b6 Be5 43. Nf6+ Bxf6 44. b7 Be5 45. c8=Q Bb8 46. Qc4+ Rf7
47. Qb3 Nc3 48. Qxc3 Rxf4+ 49. Ke3 Rf7 50. Qc8+ Rf8 51. g5 Ba7+ 52. Ke4 Bb8 53.
Qe6+ Kg7 54. Kd5 Rf7 55. Kc6 Rc7+ 56. Kb6 Rf7 57. Qe8 Rf8 58. Qd7+ Kg8 59. Kc6
Rf7 60. Qc8+ Rf8 61. Kd5 Kf7 62. Qd7+ Kg8 63. Ke6 Ba7 64. Qd5 Bb8 65. Ke7+ Kg7
66. Qd4+ Kg8 67. Qc4+ Kg7 68. Qc3+ Kg8 69. Qc8 1-0

[Event "Team junior-boys chess final 2017"]
[Site "Sochi"]
[Date "2017.05.05"]
[Round "5.1"]
[White "Pristavka, Petr"]
[Black "Garifzyanov, Niyaz"]
[Result "0-1"]
[WhiteElo "1511"]
[BlackElo "1874"]
[PlyCount "74"]
[EventDate "2017.05.01"]

1. d4 Nf6 2. Bf4 e6 3. e3 c5 4. c3 cxd4 5. exd4 Nc6 6. Nf3 d5 7. Nbd2 Bd6 8.
Bg3 O-O 9. Bd3 b6 10. Ne5 Qc7 11. f4 Ne8 12. O-O f6 13. Nxc6 Qxc6 14. Qh5 g6
15. Qh6 Ng7 16. Nf3 a5 17. Rfe1 Ba6 18. Bc2 Qd7 19. Re3 Rae8 20. Nd2 Nf5 21.
Bxf5 exf5 22. Rae1 Rxe3 23. Rxe3 Re8 24. Bf2 Rxe3 25. Bxe3 Qb5 26. Qh3 Qxb2 27.
Qf3 Qxa2 28. Kf2 a4 29. Kg3 a3 30. Nb1 Bc4 31. Nd2 Kg7 32. Nxc4 Qxc4 33. Bd2 a2
34. Qd1 Qd3+ 35. Kf2 Bxf4 36. Ke1 Bxd2+ 37. Kf2 Be3+ 0-1

[Event "Team junior-boys chess final 2017"]
[Site "Sochi"]
[Date "2017.05.05"]
[Round "5.1"]
[White "Galiev, Irek"]
[Black "Gubarev, Vladislav"]
[Result "1-0"]
[WhiteElo "1866"]
[BlackElo "1399"]
[PlyCount "79"]
[EventDate "2017.05.01"]

1. Nf3 c5 2. d4 cxd4 3. Nxd4 Nc6 4. g3 Nf6 5. Bg2 e6 6. O-O d5 7. c4 e5 8. Nxc6
bxc6 9. Nc3 Bb7 10. cxd5 cxd5 11. Bg5 e4 12. Bxf6 gxf6 13. Qa4+ Qd7 14. Qxd7+
Kxd7 15. Rad1 Ke6 16. Bh3+ f5 17. Nb5 Kf6 18. Rc1 a6 19. Nd4 Ke5 20. f4+ exf3
21. Nxf3+ Kd6 22. Ng5 Rg8 23. Nxf7+ Ke6 24. Bxf5+ Kxf7 25. Bxh7+ Kg7 26. Rc7+
Kh8 27. Bxg8 Kxg8 28. Rxb7 Bc5+ 29. Kg2 Re8 30. Rc1 Bd4 31. Rc2 Rf8 32. h4 Rf2+
33. Kh3 Rf1 34. Rc8+ Rf8 35. Rxf8+ Kxf8 36. g4 Bf6 37. g5 Bd4 38. h5 Bg7 39. h6
Be5 40. g6 1-0

[Event "Team junior-boys chess final 2017"]
[Site "Sochi"]
[Date "2017.05.05"]
[Round "5.2"]
[White "Stukan, Martin"]
[Black "Kuzmin, Roman"]
[Result "1-0"]
[WhiteElo "1972"]
[BlackElo "1806"]
[PlyCount "71"]
[EventDate "2017.05.01"]

1. Nf3 d5 2. c4 c6 3. e3 Nf6 4. Nc3 e6 5. b3 Bd6 6. Bb2 a6 7. d4 b5 8. Bd3 Nbd7
9. O-O Rb8 10. Qc2 bxc4 11. bxc4 Be7 12. e4 Nb6 13. e5 Nh5 14. c5 Nd7 15. Ne2
g6 16. Bc3 f6 17. Qa4 fxe5 18. Ba5 Nb6 19. Bxb6 Rxb6 20. cxb6 e4 21. Bxe4 dxe4
22. Qxc6+ Bd7 23. Qxe4 O-O 24. Ne5 Nf6 25. Qb7 Bd6 26. Nxd7 Nxd7 27. Rab1 Nf6
28. h3 Nd5 29. Qc6 Kh8 30. b7 Bb8 31. Rbc1 Nc7 32. Qe4 Qd7 33. Rc6 Rf6 34. Rfc1
Kg8 35. Qe5 Rf8 36. Rxc7 1-0

[Event "Team junior-boys chess final 2017"]
[Site "Sochi"]
[Date "2017.05.05"]
[Round "5.2"]
[White "Gavrilin, Roman"]
[Black "Tsvetkov, Andrey"]
[Result "0-1"]
[WhiteElo "1668"]
[BlackElo "2066"]
[PlyCount "126"]
[EventDate "2017.05.01"]

1. e4 c5 2. Nf3 d6 3. d4 cxd4 4. Nxd4 Nf6 5. Nc3 a6 6. g3 e5 7. Nde2 b5 8. Nd5
Nxd5 9. Qxd5 Ra7 10. Be3 Be6 11. Qd2 Rd7 12. Nc3 Be7 13. Bg2 O-O 14. O-O Qc7
15. Nd5 Bxd5 16. exd5 Qb7 17. b3 Rc7 18. a4 Rfc8 19. Rfc1 b4 20. a5 Nd7 21. Bh3
Rc3 22. Ra4 Bd8 23. Ra2 R8c7 24. Bg2 h6 25. h3 Nc5 26. Raa1 Rc8 27. Rd1 Qa8 28.
Ra2 Qb7 29. Raa1 Bf6 30. Ra2 Qd7 31. Qe2 Bg5 32. Bxc5 R3xc5 33. h4 Bd8 34. Rda1
Qb7 35. Bh3 R8c7 36. Bg2 Rc3 37. Be4 Qa7 38. Kg2 g6 39. Bd3 Qc5 40. Bc4 h5 41.
Rd1 f5 42. Rd3 Rxd3 43. Qxd3 e4 44. Qe3 Qxe3 45. fxe3 Rc5 46. Bxa6 Rxa5 47.
Rxa5 Bxa5 48. Bc4 Kg7 49. Kf2 Kf6 50. Bb5 Bb6 51. Bd7 Kg7 52. Ke2 Kf6 53. Be8
Bc5 54. Kd2 Bb6 55. Ke2 Kg7 56. Kf2 Bd8 57. Kg2 g5 58. Bxh5 gxh4 59. gxh4 Bb6
60. Kf2 f4 61. Bg4 Bxe3+ 62. Ke2 Bd4 63. Bf5 f3+ 0-1